| 000 | 00591nam a2200217Ia 4500 | ||
|---|---|---|---|
| 005 | 20260429111948.0 | ||
| 008 | 260429s9999||||xx |||||||||||||| ||und|| | ||
| 020 | _a9789388742214 | ||
| 041 | _aEnglish | ||
| 082 |
_a615.321 _bSIN |
||
| 100 | _aSingh, Maneesha | ||
| 245 | 0 |
_aTextbook of medicinal plants and herbs / _cManeesha Singh |
|
| 260 |
_aNew Delhi : _bPratham Publications, _c2024. |
||
| 300 | _avii, 275 p.; hb | ||
| 650 | _a Medicinal herbs | ||
| 650 | _a Medicinal plants | ||
| 650 | _a Organic drugs | ||
| 650 | _aPharmacology | ||
| 700 | _a Singh, Raj | ||
| 942 | _cTB | ||
| 999 |
_c51640 _d51640 |
||